| 000 | 00976 a2200229 4500 | ||
|---|---|---|---|
| 001 | 44008 | ||
| 005 | 20260407155720.0 | ||
| 008 | 260407a2017 arg spa d | ||
| 003 | AR-UNSa-BCEJYS | ||
| 040 |
_aAR-UNSa-BCEJYS _bspa _cAR-UNSa-BCEJYS |
||
| 080 |
_a371.13 _xFormación de los profesores y educadores |
||
| 245 | 1 | 0 |
_aLos artesanos de la enseñanza _pacerca de la formación de maestros con oficio |
| 020 | _a978-950-12-9479-8 | ||
| 264 | 1 |
_aBuenos Aires : _bPaidós _c2017 |
|
| 300 |
_a170 p. _c22 cm. |
||
| 505 | _a1. Sobre las instituciones: las escuelas ya no son lo que eran - 2. Sobre la enseñanza: recuperar la perspectiva de oficio - 3. La formación docente: sus temas y desafíos - 4. Hacia la formación de artesanos en la enseñanza | ||
| 041 | _aspa | ||
| 942 | _cBK | ||
| 590 | _aniveau_biblio:m niveau_hierar:0 | ||
| 100 | 1 | _aAlliaud, Andrea | |
| 856 | 4 | 1 |
_uhttps://biblioeco.unsa.edu.ar/pmb/images/libros/L126845.jpg _yImagen de portada _qimage/jpeg |
| 999 |
_c3773 _d3773 |
||